La ilíada

Gardado en:
Detalles Bibliográficos
Autor Principal: Homero (autor)
Formato: Libro
Idioma:Lingua castelá
Publicado: Barcelona AFHA Internacional 1979
Edición:9a. ed
Series:Nuevo auriga, 19
Subjects:
Tags: Engadir etiqueta
Sen Etiquetas, Sexa o primeiro en etiquetar este rexistro!

MARC

LEADER 00000nam a2200000 a 4500
001 UCZ0173
003 CL-VaPUC
008 950724e19790000SP |||||||||||||||||spa|d
082 0 4 |a 883  |b HOM  |2 21 
100 |a Homero   |e autor  |9 265577 
245 1 3 |a La ilíada 
250 |a 9a. ed 
300 |a 176 p 
942 |c BK 
945 |d 19950724 00:00:00  |a lriquelm 
260 |a Barcelona  |b AFHA Internacional  |c 1979 
650 7 |a POESIA EPICA GRIEGA  |2 CL-VaPUC  |9 265215 
650 0 |a Formas y géneros literarios  |9 324031 
583 |a last modification  |c 19950724 00:00:00  |k Rodrigo Vera 
490 0 |a Nuevo auriga, 19 
999 |c 237136  |d 237134